| 000 | 00359nam a2200133Ia 4500 | ||
|---|---|---|---|
| 008 | 220217s9999||||xx |||||||||||||| ||und|| | ||
| 020 | _a9971-51-250-5 | ||
| 082 | _a621.316 JAC | ||
| 100 |
_aJackson, J.D _92678 |
||
| 245 | 0 | _aClassical electrodynamics | |
| 260 |
_aJohn wiley and sons _bNew York _c2001 |
||
| 300 | _b720 | ||
| 650 | _aELECTRICAL SCIENCE | ||
| 999 |
_c171946 _d171946 |
||